000
00304nam a22001457a 4500
008
210608b ||||| |||| 00| 0 eng d
020
_a
9780153250644
041
_a
eng
080
_a
82
082
_a
82
100
_a
21
101
_a
GJL
245
_a
Language Handbook
_c
Harcourt
942
_2
udc
_c
BK
999
_c
58064
_d
58064